000 00770nam a22001817a 4500
999 _c371421
_d371421
008 201127b ||||| |||| 00| 0 eng d
040 _aDE-2950
_bger
_cDE-2950
_erda
041 _ager
245 _aDeich in Slubice vor Fertigstellung.
_bBauwerk: Rund 25 Jahre nach dem Oderhochwasser von 1997 nimmt das Bollwerk Kontur an. Liegt das Großprojekt trotz der Insolvenz des ursprünglichen Auftragnehmers noch im Zeitplan?
_cJacqueline Westermann
264 _c2022
653 _aSlubice <Polen>
653 _aHochwasserschutz
773 _dFrankfurt (Oder) Märkisches Verlags- und Druckhaus GmbH & Co KG
_tMärkische Oderzeitung
_g33. Jahrgang (2022) Nr. 34 vom 10.02.2022, S. 16
942 _cA